<?xml version="1.0" encoding="UTF-8"?>
<record
    xmlns:xsi="http://www.w3.org/2001/XMLSchema-instance"
    xsi:schemaLocation="http://www.loc.gov/MARC21/slim http://www.loc.gov/standards/marcxml/schema/MARC21slim.xsd"
    xmlns="http://www.loc.gov/MARC21/slim">

  <leader>00670nam a2200217Ia 4500</leader>
  <controlfield tag="001">51157</controlfield>
  <controlfield tag="003">OSt</controlfield>
  <controlfield tag="005">20150625094543.0</controlfield>
  <controlfield tag="008">140502s9999    xx            000 0 und d</controlfield>
  <datafield tag="020" ind1=" " ind2=" ">
    <subfield code="a">NA</subfield>
  </datafield>
  <datafield tag="040" ind1=" " ind2=" ">
    <subfield code="c">PK-LaUMT</subfield>
  </datafield>
  <datafield tag="082" ind1=" " ind2=" ">
    <subfield code="a">RHC 891.4394</subfield>
    <subfield code="b">HAM-A</subfield>
  </datafield>
  <datafield tag="100" ind1=" " ind2=" ">
    <subfield code="a">Hameed Gul(&#x62D;&#x645;&#x6CC;&#x62F; &#x6AF;&#x644; )</subfield>
  </datafield>
  <datafield tag="245" ind1=" " ind2=" ">
    <subfield code="a">Efaae ahd (Urdu)(&#x627;&#x6CC;&#x641;&#x627; &#x639;&#x6C1;&#x62F;)</subfield>
    <subfield code="c">Hameed Gul&lt;&gt;Mubeen Ghaznavi(&#x62D;&#x645;&#x6CC;&#x62F; &#x6AF;&#x644; &#x60C; &#x645;&#x628;&#x6CC;&#x646; &#x63A;&#x632;&#x646;&#x648;&#x6CC;)</subfield>
  </datafield>
  <datafield tag="260" ind1=" " ind2=" ">
    <subfield code="a">Lahore,Pakistan:(&#x644;&#x627;&#x6C1;&#x648;&#x631;&#x60C; &#x67E;&#x627;&#x6A9;&#x633;&#x62A;&#x627;&#x646; )</subfield>
    <subfield code="b">Ilm-O-Irfan Publishers,(&#x639;&#x644;&#x645; &#x648; &#x639;&#x631;&#x641;&#x627;&#x646; &#x67E;&#x628;&#x644;&#x634;&#x631;&#x632;)</subfield>
    <subfield code="c">2012</subfield>
  </datafield>
  <datafield tag="300" ind1=" " ind2=" ">
    <subfield code="a">192 p.</subfield>
  </datafield>
  <datafield tag="546" ind1=" " ind2=" ">
    <subfield code="a">UR</subfield>
  </datafield>
  <datafield tag="650" ind1=" " ind2=" ">
    <subfield code="a">Urdu literature</subfield>
  </datafield>
  <datafield tag="700" ind1=" " ind2=" ">
    <subfield code="a">Mubeen Ghaznavi</subfield>
  </datafield>
  <datafield tag="942" ind1=" " ind2=" ">
    <subfield code="c">BK</subfield>
    <subfield code="2">ddc</subfield>
  </datafield>
  <datafield tag="999" ind1=" " ind2=" ">
    <subfield code="c">48655</subfield>
    <subfield code="d">48655</subfield>
  </datafield>
  <datafield tag="952" ind1=" " ind2=" ">
    <subfield code="0">0</subfield>
    <subfield code="1">0</subfield>
    <subfield code="2">ddc</subfield>
    <subfield code="4">0</subfield>
    <subfield code="7">0</subfield>
    <subfield code="a">01</subfield>
    <subfield code="b">01</subfield>
    <subfield code="d">2014-05-02</subfield>
    <subfield code="l">3</subfield>
    <subfield code="o">RHC 891.4394 HAM-A</subfield>
    <subfield code="p">61373</subfield>
    <subfield code="r">2022-03-24 00:00:00</subfield>
    <subfield code="s">2022-03-10</subfield>
    <subfield code="w">2014-05-08</subfield>
    <subfield code="y">BK</subfield>
  </datafield>
</record>
